000 01459cam a2200349 i 4500
999 _c1885
_d1885
001 18876913
003 OSt
005 20230214082335.0
008 151201s2017 mnua j b 001 0 eng c
010 _a 2015041993
020 _a9781628323498 (paperback)
040 _aNJQ/DLC
_beng
_cNJQ
_erda
_dDLC
_dKH8
042 _apcc
082 0 4 _a577.4 ARN
_223
100 1 _aArnold, Quinn M.,
_eauthor.
245 1 0 _aGrasslands /
_cQuinn M. Arnold.
264 1 _aMankato, Minnesota :
_bCreative Education/Creative Paperbacks
_c[2017]
300 _a24 pages :
_bcolor illustrations ;
_c23 cm.
336 _atext
_2rdacontent
337 _aunmediated
_2rdamedia
338 _avolume
_2rdacarrier
490 0 _aSeedlings
504 _aIncludes bibliographical references (page 23) and index.
505 0 _aHello, grassland! -- Open spaces -- Grasses, short and tall -- Grassland plants -- Animals on the lookout -- Farmland grazing -- Grassland in action -- Goodbye, grassland! -- Picture a grassland.
520 _a"A kindergarten-level introduction to grasslands, covering their climate, plant and animal life, and such defining features as their varied grasses"--
_cProvided by publisher.
521 2 _aGrade K.
650 0 _aGrassland ecology
_vJuvenile literature.
650 0 _aGrasslands
_vJuvenile literature.
906 _a7
_bcbc
_corignew
_d1
_eecip
_f20
_gy-gencatlg
942 _2ddc
_cNFIC